Соседи России. Польша, Литва, Эстония

Dades bibliogràfiques
Autor principal: Гачев Г. Георгий
Sumari:Книга известного ученого-культуролога и писателя Г. Д. Гачева продолжает его многотомную серию сравнительных описаний культур и миропониманий разных народов «Национальные образы мира». Каждая национальная целостность рассматривается как своеобразный Космо-Психо-Логос, т. е. единство местной природы, характера народа и его склада мышления. Ландшафт, язык, быт, танец, роман, естествознание - служат автору как текст, в котором он остроумно вычитывает национальную систему ценностей, логику и психику каждого народа. Настоящий том посвящен западным соседям России. Польша, Литва, Эстония предстают как особые миры со своим умом - «менталитетом». Книга учит понимать и любить непохожесть каждого народа, видеть в различиях дополнение и обогащение своего миропонимания культурой соседа. Редакция отмечает высокую степень дискуссионности ряда выдвигаемых автором положений. Частично сохранена авторская орфография. Книга написана в жанре дневника путешествий и раздумий, есть опыт экзистенциальной культурологии, когда личность автора и его жизнь включены в процесс исследования. Книга - факт и науки, и литературы. Она может быть полезной при изучении национальных особенностей культур и для самоидентификации, для работы «познай самого себя» каждому народу и человеку.
Idioma:rus
Publicat: Москва, Прогресс-Традиция, 2003
Col·lecció:Национальные образы мира
Matèries:
Format: Llibre
KOHA link:https://koha.lib.tpu.ru/cgi-bin/koha/opac-detail.pl?biblionumber=97856

MARC

LEADER 00000nam0a2200000 4500
001 97856
005 20231031111123.0
010 |a 5898261575 
035 |a (RuTPU)RU\TPU\book\104892 
090 |a 97856 
100 |a 20060606d2003 km y0rusy50 ca 
101 0 |a rus 
102 |a RU 
105 |a y z 000zy 
200 1 |a  Соседи России. Польша, Литва, Эстония  |f Г. Гачев 
210 |a Москва  |c Прогресс-Традиция  |d 2003 
215 |a 384 с. 
225 1 |a Национальные образы мира 
330 |a Книга известного ученого-культуролога и писателя Г. Д. Гачева продолжает его многотомную серию сравнительных описаний культур и миропониманий разных народов «Национальные образы мира». Каждая национальная целостность рассматривается как своеобразный Космо-Психо-Логос, т. е. единство местной природы, характера народа и его склада мышления. Ландшафт, язык, быт, танец, роман, естествознание - служат автору как текст, в котором он остроумно вычитывает национальную систему ценностей, логику и психику каждого народа. Настоящий том посвящен западным соседям России. Польша, Литва, Эстония предстают как особые миры со своим умом - «менталитетом». Книга учит понимать и любить непохожесть каждого народа, видеть в различиях дополнение и обогащение своего миропонимания культурой соседа. Редакция отмечает высокую степень дискуссионности ряда выдвигаемых автором положений. Частично сохранена авторская орфография. Книга написана в жанре дневника путешествий и раздумий, есть опыт экзистенциальной культурологии, когда личность автора и его жизнь включены в процесс исследования. Книга - факт и науки, и литературы. Она может быть полезной при изучении национальных особенностей культур и для самоидентификации, для работы «познай самого себя» каждому народу и человеку. 
610 1 |a культура 
610 1 |a этнография 
610 1 |a национальная культура 
610 1 |a национальные образы 
610 1 |a Польша 
610 1 |a Литва 
610 1 |a Эстония 
610 1 |a народы 
610 1 |a природа 
610 1 |a национальный характер 
610 1 |a миропонимание 
610 1 |a ментальность 
610 1 |a язык 
610 1 |a быт 
610 1 |a танец 
610 1 |a ценности 
686 |a Ч113(4)  |v LBC/SL-A  |2 rubbk 
686 |a Т52(4)  |v LBC/SL-A  |2 rubbk 
700 1 |a Гачев  |b Г.  |g Георгий 
801 1 |a RU  |b 63413507  |c 20060606  |g PSBO 
801 2 |a RU  |b 63413507  |c 20060705  |g PSBO 
942 |c BK 
959 |a 43/20060605  |d 1  |e 239,90  |f ЧЗГЛ:1